[Event "Maastricht Limburg op-C 8th"]
[Site "Maastricht"]
[Date "2014.06.08"]
[Round "5"]
[White "Vercruyssen, Tim"]
[Black "Parren, Ashley"]
[Result "0-1"]
[WhiteElo "1118"]
[BlackElo "1405"]
[PlyCount "76"]
[EventDate "2014.06.06"]
[EventType "swiss"]
[EventRounds "7"]
[EventCountry "NED"]
[SourceTitle "EXT 2015"]
[Source "ChessBase"]
[SourceDate "2014.11.20"]
[SourceVersion "1"]
[SourceVersionDate "2014.11.20"]
[SourceQuality "1"]

1. d4 d5 2. Nf3 Nf6 3. e3 Bf5 4. b3 e6 5. Bb2 Bd6 6. Ne5 0-0 7. Bd3 Bxe5 8. dxe5 Ne4 9. 0-0 Qg5 10. f3 Qxe3+ 11. Kh1 Nf2+ 12. Rxf2 Qxf2 13. Nd2 Bxd3 14. cxd3 Nc6 15. a3 Qb6 16. f4 Nd4 17. Rc1 Nf5 18. Nf3 c6 19. d4 Rac8 20. Qc2 Rc7 21. g4 Ne3 22. Qd3 Nxg4 23. Rc2 Nh6 24. Ng5 Nf5 25. Qh3 h6 26. Nf3 Qxb3 27. Rg2 c5 28. Qg4 g6 29. Bc1 cxd4 30. Bd2 Rc2 31. Nh4 h5 32. Qg5 Nxh4 33. Qxh4 Qf3 34. Qe1 Qe4 35. Qd1 Rfc8 36. Kg1 d3 37. Qxh5 Rxd2 38. Rxd2 gxh5 0-1

[Event "Maastricht Limburg op-C 8th"]
[Site "Maastricht"]
[Date "2014.06.06"]
[Round "1"]
[White "Vercruyssen, Tim"]
[Black "Van Dael, Siem"]
[Result "0-1"]
[WhiteElo "1118"]
[BlackElo "1587"]
[PlyCount "30"]
[EventDate "2014.06.06"]
[EventType "swiss"]
[EventRounds "7"]
[EventCountry "NED"]
[SourceTitle "EXT 2015"]
[Source "ChessBase"]
[SourceDate "2014.11.20"]
[SourceVersion "1"]
[SourceVersionDate "2014.11.20"]
[SourceQuality "1"]

1. d4 d5 2. Nf3 Bf5 3. e3 e6 4. b3 Nf6 5. Bd3 Bg6 6. Bxg6 hxg6 7. a3 c5 8. c3 Nc6 9. Nbd2 Rc8 10. Bb2 Be7 11. 0-0 Qc7 12. Ne5 Nxe5 13. dxe5 Qxe5 14. Nf3 Qh5 15. Ne5 Qxh2# 0-1